Can You Name The Amusement Park in each state with the most Coasters? - Statistics

General Stats
  • This quiz has been taken 29 times
  • The average score is 22 of 39
Answer Stats
State Park % Correct
California Six Flags Magic Mountain
89%
Georgia Six Flags Over Georgia
89%
Florida Busch Gardens Tampa
84%
Ohio Cedar Point
84%
Tennessee Dollywood
79%
Illinois Six Flags Great America
79%
Texas Six Flags Over Texas
79%
North Carolina Carowinds
74%
Kentucky Kentucky Kingdom
74%
Maryland Six Flags America
74%
New Jersey Six Flags Great Adventure
74%
Indiana Indiana Beach
68%
Utah Lagoon
68%
Massachusetts Six Flags New England
68%
Missouri Six Flags St Louis
68%
Pennsylvania Hersheypark
63%
Virginia Kings Dominion
63%
Oklahoma Frontier City
58%
Arkansas Magic Springs
58%
Michigan Michigans Adventure
58%
Idaho Silverwood
58%
Minnesota Valleyfair!
58%
Iowa Adventureland
53%
Alabama Alabama Adventure
53%
Arizona Castles N Coasters
53%
Colorado Elitch Gardens
53%
Connecticut Lake Compounce
47%
New York Luna Park
42%
Wisconsin Mount Olympus
42%
Nevada Adventuredome
37%
West Virginia Camden Park
32%
New Mexico Cliff's Amusement Park
32%
South Carolina Family Kingdom
32%
Oregon Oaks Amusement Park
32%
Washington Wild Waves
32%
Alaska Alaska State Fair
26%
New Hampshire Canobie Lake Park
26%
Maine Palace Playland
16%
Louisiana Blue Bayou Dixie Landin
11%
No matching quizzes found
Score Distribution
Percent of People with Each Score
Percentile by Number Answered
Your Score History
You have not taken this quiz